[Event "Candidates FIDE m2"]
[Site "Wijk aan Zee"]
[Date "1994.??.??"]
[Round "2"]
[White "Jussupow, Artur"]
[Black "Anand, Viswanathan"]
[Result "0-1"]
[WhiteElo "2665"]
[BlackElo "2715"]
[Annotator "Anand,V"]
[PlyCount "120"]
[EventDate "1994.01.16"]
[EventType "match"]
[EventRounds "7"]
[EventCountry "NED"]
[SourceTitle "CBM 039"]
[Source "ChessBase"]
[SourceDate "1994.04.01"]
[SourceVersion "1"]
[SourceVersionDate "1994.04.01"]
[SourceQuality "1"]

1. d4 Nf6 2. c4 g6 3. Nc3 d5 {Having been surprised by the Steinitz defence in
the first game I was quite pleased to play my own surprise but Yusupov sticks
to his guns} 4. cxd5 {The classical is one of his main weapons against the
Grunfeld but having a Grunfeld addict (Pat Wolff) for my second came in handy!}
Nxd5 5. e4 Nxc3 6. bxc3 Bg7 7. Bc4 c5 8. Ne2 Nc6 9. Be3 O-O 10. O-O Bg4 11. f3
Na5 12. Bd3 cxd4 13. cxd4 Be6 14. Rc1 {The alternatives are 14.d5 and 14.Qa4
but this one was not a surprise for us} Bxa2 15. Qa4 Bb3 {and this is an
obscure side-line. The main move is 15...Be6 but I had some ideas here} 16. Qb4
b6 17. d5 (17. Bg5 $5 f6 (17... Bf6 $2 18. Bxf6 exf6 19. d5 $16 {>< Bb3}) (
17... Re8 $2 18. Bb5 h6 19. Bh4 $1 (19. Bxe8 hxg5 $44) 19... g5 20. Bxe8 gxh4
21. Bb5 $16) 18. Be3 Bf7 $13) 17... Qd6 $1 18. Bd2 $6 (18. Qxd6 exd6 19. Ba6
Ba4 $1 $13) 18... Rfd8 $1 19. Qxd6 (19. Ba6 Qxb4 20. Bxb4 e6 $1 21. Be7 $8 (21.
d6 Be5 $17) 21... Rd7 22. d6 Be5 23. Bb5 Bxd6 $1 24. Bxd7 Bxe7 $17) 19... exd6
20. Bg5 Rdc8 21. Ba6 Rc5 $1 $17 22. Rxc5 bxc5 (22... dxc5 $5 {A far more
committal move. Black has an armada of passed pawns on the queenside but I was
afraid that white's centre pawns could get messy. The game continuation is
less risky but slower}) 23. Rc1 (23. Bd2 Bc4 $1) 23... Rb8 $1 24. Bd2 Rb6 25.
Bxa5 $8 (25. Bd3 $2 Nb7 {/\ a5-a4}) 25... Rxa6 26. Bc3 Bh6 $1 (26... Bxc3 27.
Nxc3 $15) 27. Rb1 Rb6 28. Kf2 Bc4 29. Ra1 $1 a6 30. Ra4 Bd3 31. Ra3 Rb1 32. e5
Bf8 (32... dxe5 33. Bxe5 Bb5 34. Nc3 $1 $132) 33. exd6 Bxd6 34. Be5 $1 Bxe5 35.
Rxd3 Bd6 (35... c4 $2 36. Re3 $1 Bd6 37. Re8+ Kg7 38. Rc8) 36. Ra3 Rb6 37. Ra4
(37. Ra5 c4 38. Ra4 Bb4 $1 {/\ a5}) (37. Nc3 $5 c4 (37... f5 38. Ra5 c4 39. Na4
) 38. Ra2) 37... Kf8 38. h3 Ke7 39. Ke3 Be5 $1 $19 {/\ Kd6} 40. f4 Bg7 41. f5
Kd6 42. Rh4 h5 (42... h6 43. fxg6 fxg6 44. Rg4 g5 45. h4 Bf6 $19) 43. fxg6 fxg6
44. Ra4 Be5 $1 45. g4 (45. Ke4 Rb4+ $19) 45... h4 $1 (45... hxg4 46. Rxg4 Kxd5)
46. g5 Bg3 $1 (46... Kxd5 $6 47. Rxh4 Rb3+ 48. Kd2 a5 $17) 47. Nc3 (47. Nxg3
hxg3 48. Kf3 Kxd5 49. Kxg3 c4 50. Kf3 Re6 $19) 47... Be1 $1 48. Ne4+ Kxd5 49.
Nf6+ Kc6 50. Re4 Kb5 51. Kd3 Rd6+ 52. Kc2 Bb4 53. Rxh4 Rd2+ 54. Kc1 c4 55. Ne4
Re2 $1 (55... Rh2 56. Rf4 c3 57. Rf2) 56. Kd1 Re3 $1 {>< Ne4} 57. Nf6 (57. Rg4
a5 58. h4 a4 $19) 57... Re1+ 58. Kc2 Re2+ 59. Kd1 Rd2+ 60. Kc1 c3 0-1

[Event "SLO-chT 12th"]
[Site "Bled"]
[Date "2002.11.24"]
[Round "9"]
[White "Atalik, Suat"]
[Black "Ruck, Robert"]
[Result "1-0"]
[WhiteElo "2575"]
[BlackElo "2572"]
[Annotator "Atalik,S"]
[PlyCount "65"]
[EventDate "2002.11.18"]
[EventType "team-tourn"]
[EventRounds "9"]
[EventCountry "SLO"]
[SourceTitle "CBM 092"]
[Source "ChessBase"]
[SourceDate "2003.02.06"]
[SourceVersion "1"]
[SourceVersionDate "2003.02.06"]
[SourceQuality "1"]
[WhiteTeam "Ptuj"]
[BlackTeam "Grize"]
[WhiteTeamCountry "SLO"]
[BlackTeamCountry "SLO"]

1. d4 Nf6 2. c4 g6 3. Nc3 d5 4. cxd5 Nxd5 5. e4 Nxc3 6. bxc3 Bg7 7. Bc4 c5 8.
Ne2 Nc6 9. Be3 O-O 10. O-O Bg4 11. f3 Na5 12. Bd3 cxd4 13. cxd4 Be6 14. d5 Bxa1
15. Qxa1 f6 16. Bh6 Qb6+ $5 {The move which was regarded suspicious since the
stem game Bronstein-Boleslavsky,Moscow(ct)1950.} 17. Kh1 (17. Nd4 Bd7 18. Rb1
Qc5 19. Rc1 Qb6 $13 {has been tried in their first encounter.
Bronstein-Boleslavsky,Budapest(ct)1950.}) 17... Bd7 $146 {A logical novelty.}
18. Rb1 (18. Bxf8 Rxf8 19. f4 e6 $132) 18... Qd6 {Seems like the best square
for blacks queen.} 19. Bxf8 {Looks like a sad necessity since it is always
difficult to give your beloved bishop that easy.} ({I did not like} 19. Bd2 Nc6
$1 (19... Qa3 20. Nf4 $1) 20. Rxb7 Rab8 21. Bf4 Ne5 22. Bxe5 fxe5 23. Rxa7 Ra8
$11) 19... Rxf8 20. Qc3 {It seemed to me to be the most principal move during
the game.Around this point I was playing against Na5.} ({However the following
alternative is also very interesting:} 20. Qd4 $5 b6 21. f4 e5 (21... Bg4 22.
e5 $1 Qa3 23. Ng3 $1 Qxa2 24. f5 $44) 22. dxe6 Qxe6 23. f5 Qf7 24. Rc1 $40 Rc8
25. Rxc8+ Bxc8 26. Qd8+ Qf8 27. Qc7 Qc5 28. Qxa7 Nc4 $5 $44 (28... Qe3 29. Bb5
Qxe4 30. Qxb6 Bb7 31. Qe6+ Kg7 32. Qxe4 Bxe4 33. fxg6 hxg6 $14)) 20... b6 21.
Ba6 {Hitting two birds with one stone:Preventing Rc8 from happening and
nailing down Nc5 to the edge of the board.} e6 {Natural reaction black has to
react in the center.} 22. Rd1 Bc6 $2 {An unforced error!} (22... Nc6 $142 23.
Bb5 (23. Bc4 Na5) (23. Qb3 Na5 24. dxe6 Qe5 (24... Qxe6 25. Qc2) 25. Qb4 Bxe6
26. Qe7 $40) 23... Ne7 24. Bxd7 Qxd7 25. d6 Nc6 26. f4 e5 27. f5 gxf5 28. exf5
$16 {White is clearly better but difficult to have a breaktrough at once.}) (
22... Rf7 23. Rd2 Kg7 24. h3 $5 exd5 $140 25. Rxd5 Qe7 26. Nd4 $16) 23. dxc6 $1
$18 {As simple as this!Black has to lose two pieces for the rook.} Qxd1+ 24.
Ng1 Nxc6 25. Qxc6 Kg7 $1 {Black king has to head for h6.} (25... e5 26. Qc7 Qd4
27. Qxa7 Rf7 28. Qb8+ Kg7 29. Bb5 Qc5 30. a4 Rc7 31. Qd8 $18) 26. Bc4 $5 (26.
Qxe6 Qd8 27. Bc4 Qc7 28. h4 $18 {looks also simple.}) 26... e5 27. Bd5 Kh6 $1 {
Creating some difficulties.} (27... Qd4 28. Qd6 Qc5 29. Qd7+ Kh6 30. Qxa7 Rc8
31. Qd7 Rc7 32. Qd8 $18) 28. Qc7 $1 {Grinding down tactics!} (28. Qd6 Rc8 29.
Qxf6 Rc1 30. Qf8+ (30. Qh4+ Kg7 31. Qf2 $2 Qd4 $19 {is even lost for white.})
30... Kg5 (30... Kh5 $2 31. g4+ Kg5 32. h4+ Kxh4 33. Qh6+ Kg3 34. Qh2#) 31. h4+
Kxh4 32. Qh6+ Kg3 33. Qe3 Qe1 34. Qg5+ Kf2 35. Qh4+ Ke3 {is not simple at all.}
) 28... b5 $2 {Final nail on his coffin!} (28... Qd4 29. h4 Qf2 (29... a5 30.
Nh3 (30. g4 Qc5 31. g5+ fxg5 32. hxg5+ Kxg5 33. Qxe5+ Kh6 34. f4) 30... Qc5 31.
Qd7 b5 32. g4 Qc1+ 33. Kg2 Qd2+ 34. Nf2 $18 {looks awful.}) 30. Nh3 Qxh4 31.
Qxa7 Qe1+ 32. Kh2 Qb4 33. Nf2 f5 34. Qc7 Qd4 (34... fxe4 35. Ng4+) 35. Qe7 Rc8
36. Nh3 $18) 29. Qc5 $1 {Black's remaining pieces are overloaded to defend
alot of squares.} Rb8 30. Qe3+ g5 31. Qxa7 Rc8 32. Qf7 $18 {Now it is all over.
} Rc1 33. Qxf6+ (33. Qxf6+ Kh5 34. Bf7+ (34. g4+ Kh4 35. Qh6#) 34... Kh4 35.
g3# (35. Qh6#)) 1-0

[Event "Malmo"]
[Site "Malmo"]
[Date "1994.??.??"]
[Round "5"]
[White "Ahlander, Bjorn"]
[Black "Hellers, Ferdinand"]
[Result "0-1"]
[WhiteElo "2415"]
[BlackElo "2560"]
[Annotator "Ernst,T"]
[PlyCount "62"]
[EventDate "1994.06.??"]
[EventType "tourn"]
[EventRounds "9"]
[EventCountry "SWE"]
[EventCategory "12"]
[SourceTitle "CBM 042"]
[Source "ChessBase"]
[SourceDate "1994.10.01"]
[SourceVersion "1"]
[SourceVersionDate "1994.10.01"]
[SourceQuality "1"]

1. d4 Nf6 2. c4 g6 3. Nc3 d5 4. cxd5 Nxd5 5. e4 Nxc3 6. bxc3 Bg7 7. Bc4 c5 8.
Ne2 Nc6 9. Be3 O-O 10. O-O Bg4 11. f3 Na5 12. Bd3 cxd4 13. cxd4 Be6 14. Rc1
Bxa2 15. Qa4 Bb3 16. Qb4 b6 17. Bg5 (17. d5 Qd6 $1 $15 {Yusupov-Anand/Wijk aan
Zee m-2/1994/}) 17... f6 18. Be3 Bf7 $13 19. Ba6 Qd6 20. Qb2 Rab8 21. d5 $6 b5
$1 22. Bxb5 a6 23. Qc3 Rxb5 $17 24. Nd4 Rb4 25. Ne6 $1 Nb3 $1 26. Nxf8 Nxc1 27.
Rxc1 f5 $1 (27... Kxf8 $2 28. Bc5 $18) 28. Qc8 Bxf8 29. Bc5 Qb8 30. Bxe7 (30.
Bxb4 $1 Qxb4 31. exf5 Qb6+ 32. Kh1 Bxd5 33. fxg6 hxg6 $17) 30... Rb1 $19 31.
Rxb1 Qxc8 0-1

[Event "HUN-ch"]
[Site "Budapest"]
[Date "1991.??.??"]
[Round "5"]
[White "Lukacs, Peter"]
[Black "Horvath, Jozsef"]
[Result "1/2-1/2"]
[WhiteElo "2500"]
[BlackElo "2540"]
[Annotator "Ftacnik,L"]
[PlyCount "55"]
[EventDate "1991.12.??"]
[EventType "tourn"]
[EventRounds "9"]
[EventCountry "HUN"]
[EventCategory "12"]
[SourceTitle "CBM 027"]
[Source "ChessBase"]
[SourceDate "1992.04.01"]
[SourceVersion "1"]
[SourceVersionDate "1992.04.01"]
[SourceQuality "1"]

1. d4 Nf6 2. c4 g6 3. Nc3 d5 4. cxd5 Nxd5 5. e4 Nxc3 6. bxc3 Bg7 7. Bc4 c5 8.
Ne2 Nc6 9. Be3 O-O 10. O-O Bg4 11. f3 Na5 12. Bd3 cxd4 13. cxd4 Be6 14. Rc1
Bxa2 15. Qa4 Be6 16. d5 Bd7 17. Qb4 e6 18. Nc3 exd5 19. Nxd5 Be6 20. Rfd1 Bxd5
21. exd5 Re8 22. Bf4 (22. Bf2 Bf8 23. Qa4 a6 $1 24. Ra1 b6 25. Rdb1 Nb7 26. Qc6
Nc5 27. Bf1 Rc8 $10 {Lukacs}) 22... Be5 {N} (22... Qxd5 23. Be4 $18) (22...
Qb6+ 23. Qxb6 axb6 24. Bb5 $16) (22... Qf6 23. Bc7 Qd4+ 24. Qxd4 Bxd4+ 25. Kf1
Bb6 26. d6 $1 $14 {Lukacs,P-Luecke/Budapest/1991/}) 23. Bxe5 Rxe5 24. d6 {
+/- Lukacs} Rd5 25. Be4 Qb6+ $1 26. Qxb6 Rxd1+ 27. Rxd1 axb6 28. Rb1 {Ftacnik,L
} (28. d7 Rd8 29. Rb1 Rxd7 30. Rxb6 $14) (28. Rb1 Nc4 29. Bxb7 Rd8 30. Bd5 Nxd6
31. Rxb6 $10) 1/2-1/2

[Event "Belgrade GMA op"]
[Site "Belgrade"]
[Date "1988.??.??"]
[Round "?"]
[White "Piskov, Yury"]
[Black "Lputian, Smbat G"]
[Result "1-0"]
[WhiteElo "2415"]
[BlackElo "2540"]
[Annotator "Ftacnik,L"]
[PlyCount "49"]
[EventDate "1988.12.??"]
[EventType "swiss"]
[EventRounds "9"]
[EventCountry "YUG"]
[SourceTitle "TD"]
[Source "ChessBase"]
[SourceDate "1994.03.01"]
[SourceVersion "1"]
[SourceVersionDate "1994.03.01"]
[SourceQuality "1"]

1. d4 Nf6 2. c4 g6 3. Nc3 d5 4. cxd5 Nxd5 5. e4 Nxc3 6. bxc3 Bg7 7. Bc4 c5 8.
Ne2 Nc6 9. Be3 O-O 10. O-O Bg4 11. f3 Na5 12. Bd3 cxd4 13. cxd4 Be6 14. Rc1
Bxa2 15. Qa4 Be6 16. d5 Bd7 17. Qa3 b5 18. Rfd1 Rb8 19. Qb4 a6 20. Nd4 Re8 (
20... Nc4 21. Bxc4 bxc4 22. Qxc4 Bb5 23. Qa2 $14) (20... Be5 21. f4 Bd6 22. Qe1
$44) 21. Be2 Be5 22. Ra1 Bc7 (22... Nc4) 23. Ne6 Bd6 24. Qxd6 fxe6 25. Qe5 1-0

[Event "USA-ch"]
[Site "USA"]
[Date "1989.??.??"]
[Round "5"]
[White "Browne, Walter Shawn"]
[Black "Kudrin, Sergey"]
[Result "1/2-1/2"]
[WhiteElo "2555"]
[BlackElo "2570"]
[Annotator "Ftacnik,L"]
[PlyCount "121"]
[EventDate "1989.11.??"]
[EventType "tourn"]
[EventRounds "15"]
[EventCountry "USA"]
[EventCategory "12"]
[SourceTitle "CBM 019"]
[Source "ChessBase"]
[SourceDate "1990.12.01"]
[SourceVersion "1"]
[SourceVersionDate "1990.12.01"]
[SourceQuality "1"]

1. d4 Nf6 2. c4 g6 3. Nc3 d5 4. cxd5 Nxd5 5. e4 Nxc3 6. bxc3 Bg7 7. Bc4 c5 8.
Ne2 Nc6 9. Be3 O-O 10. O-O Bg4 11. f3 Na5 12. Bd3 cxd4 13. cxd4 Be6 14. Qa4 a6
15. d5 b5 16. Qb4 Bxa1 17. Rxa1 Bd7 18. Qd4 f6 19. e5 fxe5 20. Qxe5 Qb8 (20...
Bf5 21. Bd4 Rf6 22. Bxf5 gxf5 23. Ng3 Qd6 24. Qe1 $1 $16) 21. Qxe7 Re8 22. Qc5
Nb7 23. Qc1 Nd6 (23... Bf5 24. Bxf5 gxf5 25. Bd4 $5 Rxe2 26. Qg5+ Kf8 27. Qf6+)
24. Ng3 (24. Nd4 $5 $13) 24... Bf5 (24... Nf5 25. Bxf5 Bxf5 26. Bd4 Qd6 27. Qh6
Qd7 28. Nxf5 gxf5 29. Qf6 $18) 25. Qd2 $1 (25. Nxf5 $2 Nxf5 26. Bf2 Qe5 $17)
25... Bxd3 26. Qxd3 Qd8 27. Bc5 Rc8 $6 (27... Nb7 $5 28. Bf2 (28. Bd4 Qxd5 29.
Ne4 Rxe4 $1) 28... Nd6 $10) 28. Bxd6 Qb6+ (28... Qxd6 29. Ne4 Qb6+ 30. Kf1 $1
Rc4 31. Rd1 $16) 29. Kh1 Qxd6 30. Ne4 Qf4 31. g3 Qf5 32. d6 $16 Rcd8 33. Rd1
Qf7 34. a3 Rf8 35. Kg2 Qc4 $6 (35... a5 36. d7 b4 37. axb4 axb4 38. Nc5 Rb8
$132) 36. Qxc4+ bxc4 37. Rd4 Rc8 38. d7 Rcd8 39. Nc5 c3 40. Rc4 Rf6 41. Rxc3
Kf7 42. Rd3 Ke7 43. Re3+ Kf7 44. Rd3 Ke7 45. Re3+ Kf7 46. f4 Rd6 47. Kf3 Rd2
48. h3 a5 49. Nd3 (49. Rd3 $5 Rxd3+ 50. Nxd3 Ke6 51. Ne5 Rf8 52. Ke4 $16) 49...
Kf6 50. Ne5 R8xd7 51. Nxd7+ Rxd7 52. Ke4 Rd1 53. Rc3 Ra1 54. g4 h6 55. Rc6+ Kf7
56. Rc7+ Kf6 57. h4 Rxa3 $2 (57... Re1+ 58. Kd5 Rd1+ 59. Kc5 Ra1 60. g5+ hxg5
61. hxg5+ Kf5 $10) 58. g5+ Ke6 59. Rg7 $2 (59. Rc6+ Kf7 60. h5 $1 gxh5 61. g6+
Kg7 62. f5 $18) (59. gxh6 Rh3 60. h7 Rxh4 $10) 59... Ra4+ 60. Kf3 Ra3+ 61. Ke4
{Ftacnik,L} 1/2-1/2

[Event "WCC cand"]
[Site "Cazorla"]
[Date "1998.05.24"]
[Round "1"]
[White "Kramnik, Vladimir"]
[Black "Shirov, Alexei"]
[Result "1/2-1/2"]
[WhiteElo "2790"]
[BlackElo "2710"]
[Annotator "Ftacnik,L"]
[PlyCount "49"]
[EventDate "1998.05.24"]
[EventType "match"]
[EventRounds "9"]
[EventCountry "ESP"]
[SourceTitle "CBM 065"]
[Source "ChessBase"]
[SourceDate "1998.08.06"]
[SourceVersion "1"]
[SourceVersionDate "1998.08.06"]
[SourceQuality "1"]

{[%mdl 324]} 1. d4 Nf6 2. c4 g6 3. Nc3 d5 4. cxd5 Nxd5 5. e4 Nxc3 6. bxc3 Bg7
7. Bc4 O-O 8. Ne2 c5 9. O-O Nc6 10. Be3 Bg4 11. f3 Na5 12. Bd3 cxd4 13. cxd4
Be6 14. Rc1 Bxa2 15. Qa4 Bb3 {The popularity of this variation can not be
compared with the continuation 15...Be6. The pieces remain hanging a bit in
the air, but the latest experience shows, that black can get away with it.} (
15... Be6) 16. Qb4 b6 (16... Qb6 17. Qxe7 Nc6 18. Qc5 Qxc5 19. Rxc5 Rfd8 20. d5
Ne5 21. Rc3 Ba4 22. Nd4 Nxd3 23. Rxd3 Rac8 24. Rb1 b5 {1/2-1/2 Wessman,
R-Einarsson,H/Reykjavik op 1990 (40)}) 17. Bg5 {The atractivity of black's
idea lays in the fact, that white has to play active and well. Otherwise the
first player runs the danger, that initiative and better chances will land in
black hands.} (17. Rc3 Be6 18. Rfc1 (18. Bg5 Re8 (18... f6 19. Bf4 $13) 19. Bb5
(19. Rfc1) 19... Bd7 20. Ba6 $2 (20. Bxd7 Qxd7 21. Rfc1 Qd6 $1 22. Qa4 a6 $15)
20... Nc6 21. Qc4 b5 $1 (21... Bc8 $5 22. Bb5 Nxd4 23. Bxe8 Be6 $1 24. Qd3
Nxe2+ 25. Qxe2 Bxc3 $19) 22. Qc5 (22. Bxb5 Na5 23. Qd5 Bxb5 24. Qxb5 Bxd4+ 25.
Be3 Bxc3 26. Nxc3 Rb8 $19) 22... Qb6 23. Qxb6 $8 axb6 24. Bb7 Nxd4 {0-1 Timman,
J-Hellers,F/Sigeman and Co/1997/ (30)}) 18... Qd6 19. Qxd6 exd6 20. Ba6 d5 21.
Nf4 Rad8 22. Nxe6 fxe6 23. Rd3 {1/2-1/2 Alexandrova,O-Blazkova,P/EU-chJW U16/
1994/ (27)}) (17. d5 Qd6 $1 {This move has a lion share in the revitalisation
of the whole black system. The exchange of the queens neutralizes white's
pressure and the "a" pawn can later get a chance to show it's teeth.} 18. Qxd6
(18. Bd2 $6 Rfd8 $1 19. Qxd6 (19. Ba6 Qxb4 20. Bxb4 e6 $1 21. Be7 $8 Rd7 22. d6
Be5 23. Bb5 Bxd6 $1 24. Bxd7 Bxe7 $17) 19... exd6 20. Bg5 Rdc8 21. Ba6 Rc5 $1
$17 22. Rxc5 bxc5 (22... dxc5 $5) 23. Rc1 (23. Bd2 Bc4 $1) 23... Rb8 $1 24. Bd2
Rb6 25. Bxa5 $8 (25. Bd3 $2 Nb7 {/\ a5-a4}) 25... Rxa6 26. Bc3 Bh6 $1 {0-1
Jussupow,A-Anand,V/Wijk cm2 1994/ (60)}) 18... exd6 19. Rc7 (19. Nd4 Ba4 20.
Rc7 Bxd4 21. Bxd4 Nb3 22. Bf6 Rfc8 {0-1 De Rover,Y-Aubel,J/NLD-chJM U20 1996 
(35)}) (19. Ba6 Ba4 $1 $13) 19... Ba4 (19... Rfc8 20. Rfc1 Rxc7 21. Rxc7 Bf6
22. Bf4 Bd8 23. Rc1 Be7 24. Ba6 Ba4 25. Nd4 Kf8 26. Rc7 {1-0 Lukacs,P-Monda,L/
Budapest Spring op 1990 (33)}) 20. Nc3 Bxc3 21. Rxc3 Nb3 22. Bc2 Rfc8 23. Rxc8+
Rxc8 24. Bxb3 Bxb3 25. Ra1 Rc7 26. Bf4 Rd7 27. Rc1 {1/2-1/2 Peckford,W-Wolff,P/
North Bay op 1996 (30)}) 17... f6 18. Bf4 (18. Be3 Bf7 19. Ba6 Qd6 20. Qb2 Rab8
21. d5 $6 b5 $1 22. Bxb5 a6 23. Qc3 Rxb5 $17 {0-1 Ahlander,B-Hellers,F/Malmo/
1994/ (31)}) 18... e5 19. Be3 {Kramnik choses a compact move with the support
of the center, but white will squeeze out little from the position.
Interesting alternative was} (19. Bg3 $5 exd4 20. Nxd4 (20. Bc7 Qd7 21. Nxd4)
20... f5 (20... Bf7 $2 21. Bc7 $16) 21. Bd6 (21. Nxb3 Qxd3 22. Nxa5 bxa5 $15)
21... Bxd4+ 22. Qxd4 Nb7 23. e5 $13) 19... exd4 20. Nxd4 Bf7 21. Ba6 (21. Rfd1
Rc8 $15) 21... Re8 22. Rfd1 Qe7 {Shirov has little reason to undertake great
risk with black pieces in the first game, the queens on the board could have
created wild complications.} (22... Qb8 23. Nb5 (23. Nc6 Nxc6 24. Rxc6 Rd8 25.
Rdc1 Qe5 26. Bc4 $15) 23... Bf8 24. Nd6 Nb7 25. Nxe8 Bxb4 26. Nxf6+ Kg7 27. Nd7
Qe8 28. Bd4+ Kh6 29. Be3+ g5 30. Bxb7 Rd8 31. Bc6 $13) 23. Qxe7 (23. Qc3 Qe5
24. Qc7 Red8 25. Be2 $13) 23... Rxe7 24. Nc6 (24. Kf2 h5 (24... Rd8 25. Nf5 $1)
25. g3 Rd8 $15) 24... Nxc6 (24... Re6 $6 25. Nxa5 bxa5 26. Bc4 $14) 25. Rxc6 {
Black accepted draw offer, even though his position is more pleasant. White
could not hope for more, than the compensation for the sacrificed pawn.} (25.
Rxc6 Rae8 (25... f5 $6 26. Bg5 Re6 27. Rc7 $13) 26. Kf2 h5 $15) 1/2-1/2